000 00672nam a2200181Ia 4500
008 090630s9999 xx 000 0 und d
082 _b28283
100 _aस्वार राधा.
245 _aउमलताना; आणि उमलल्यानंतर.
_cस्वार राधा.
260 _bहर्ष - वसई.
_c2007
300 _a120
600 _aस्वार राधा.
630 _aउमलताना; आणि उमलल्यानंतर.
655 _aइतर.
700 _aस्वार राधा.
730 _aउमलताना; आणि उमलल्यानंतर.
942 _cBOOK
999 _c280139
_d280139